Elecciones sindicales en Argentina. La oposición del empleador condicionada por el tiempo / (Registro nro. 6021)
[ vista simple ]
| 000 -LEADER | |
|---|---|
| fixed length control field | 01243nab a22002897a 4500 |
| 003 - CONTROL NUMBER IDENTIFIER | |
| control field | OSt |
| 005 - DATE AND TIME OF LATEST TRANSACTION | |
| control field | 20260116184545.0 |
| 008 - FIXED-LENGTH DATA ELEMENTS--GENERAL INFORMATION | |
| fixed length control field | 190605e xxu||||| |||| 00| 0 spa d |
| 040 ## - CATALOGING SOURCE | |
| Transcribing agency | PJ |
| 100 ## - MAIN ENTRY--PERSONAL NAME | |
| 9 (RLIN) | 4886 |
| Personal name | Elmelaj, María Laura |
| 245 10 - TITLE STATEMENT | |
| Title | Elecciones sindicales en Argentina. La oposición del empleador condicionada por el tiempo / |
| Statement of responsibility, etc | María Laura Elmelaj. |
| 260 ## - PUBLICATION, DISTRIBUTION, ETC. (IMPRINT) | |
| Place of publication, distribution, etc | Ciudad Autónoma de Buenos Aires : |
| Name of publisher, distributor, etc | Thomson Reuters La Ley, |
| Date of publication, distribution, etc | 2025. |
| 300 ## - PHYSICAL DESCRIPTION | |
| Extent | p. 38-40 |
| 500 ## - GENERAL NOTE | |
| General note | Cita Online: Cita: TR LALEY AR/DOC/1472/2025. |
| 505 ## - FORMATTED CONTENTS NOTE | |
| Formatted contents note | Sumario: I. Introducción.— II. El que calla... ¿otorga?— III. Conclusiones.— IV. Bibliografía. |
| 505 ## - FORMATTED CONTENTS NOTE | |
| Formatted contents note | ¿Te interesa el texto completo? Solicitalo al correo: koha@justierradelfuego.gov.ar |
| 650 #0 - SUBJECT ADDED ENTRY--TOPICAL TERM | |
| 9 (RLIN) | 1316 |
| Topical term or geographic name as entry element | DERECHO LABORAL |
| 650 #0 - SUBJECT ADDED ENTRY--TOPICAL TERM | |
| 9 (RLIN) | 4583 |
| Topical term or geographic name as entry element | DERECHOS SINDICALES |
| 650 #0 - SUBJECT ADDED ENTRY--TOPICAL TERM | |
| Topical term or geographic name as entry element | CONVENIOS COLECTIVOS DE TRABAJO |
| 9 (RLIN) | 1354 |
| 650 #0 - SUBJECT ADDED ENTRY--TOPICAL TERM | |
| Topical term or geographic name as entry element | CONTRATO DE TRABAJO |
| 9 (RLIN) | 1323 |
| 650 #0 - SUBJECT ADDED ENTRY--TOPICAL TERM | |
| Topical term or geographic name as entry element | LIBERTAD SINDICAL |
| 9 (RLIN) | 1461 |
| 650 #0 - SUBJECT ADDED ENTRY--TOPICAL TERM | |
| Topical term or geographic name as entry element | TUTELA SINDICAL |
| 9 (RLIN) | 5902 |
| 650 #0 - SUBJECT ADDED ENTRY--TOPICAL TERM | |
| Topical term or geographic name as entry element | DESPIDO |
| 9 (RLIN) | 1533 |
| 650 #0 - SUBJECT ADDED ENTRY--TOPICAL TERM | |
| Topical term or geographic name as entry element | CADUCIDAD DE INSTANCIA |
| 9 (RLIN) | 1935 |
| 773 0# - HOST ITEM ENTRY | |
| Host Biblionumber | 2711 |
| Host Itemnumber | 3168 |
| Place, publisher, and date of publication | Ciudad Autónoma de Buenos Aires : Thomson Reuters La Ley, 1999-2002. |
| Title | Revista de derecho del trabajo. Nº 4 - Julio 2025 |
| 942 ## - ADDED ENTRY ELEMENTS (KOHA) | |
| Source of classification or shelving scheme | |
| Koha item type | Analítica Artículo de Revista |
No hay ítems disponibles.
